000 00227nam a22000977a 4500
003 SGT
245 _aINDIAN JOURNAL OF OTOLARYNGOLOGY & HEAD AND NECK SURGERY
260 _aINDIA
_bSPRINGER
_c2020
300 _a544
942 _2ddc
_cBV
999 _c24407
_d24407